An opportunity for America : The markets of Japan

Na minha lista:
Detalhes bibliográficos
Formato: Livro
Idioma:Undetermined
Publicado em: Tokyo The Journal of Industry and Trade, 1978
Assuntos:
Tags: Adicionar Tag
Sem tags, seja o primeiro a adicionar uma tag!
Thư viện lưu trữ: Trung tâm Học liệu Trường Đại học Cần Thơ
LEADER 00513nam a2200181Ia 4500
001 CTU_97467
008 210402s9999 xx 000 0 und d
082 |a 382.0952 
082 |b O.62 
245 3 |a An opportunity for America : 
245 4 |b The markets of Japan 
260 |a Tokyo 
260 |b The Journal of Industry and Trade, 
260 |c 1978 
650 |a International economic relations 
650 |z United States,Japan 
904 |i Năm 
980 |a Trung tâm Học liệu Trường Đại học Cần Thơ